000 00847nam a22002657a 4500
005 20250823074106.0
006 a|||||r|||| 00| 0
007 ta
008 241004b |||||||| |||| 00| 0 eng d
040 _aAR-EsCIE
_cspa
_dAR-EsCIE
082 _a582.28
100 1 0 _aBarroetaveña, Carolina,
_d1971-
_921
245 1 0 _aHongos asociados a las plantaciones forestales de la región andino patagónica /
_cCarolina Barroetaveña.
260 _aEsquel :
_bCIEFAP,
_c2006.
300 _a64 p.
490 _aManual ;
_v6.
650 4 _aHONGOS
_981
650 4 _aPLANTACION FORESTAL
_9123
650 0 _aSETAS COMESTIBLES
_9124
650 4 _aSETAS VENENOSAS
_9160
650 4 _aREGION ANDINO PATAGONICA (ARGENTINA)
_966
856 _uhttp://www.ciefap.org.ar/digitalizado/Manual_6_Hongos_asociados.pdf
910 _aPG241004
942 _2ddc
_cBK
_n0
999 _c75
_d75